000 00462nam a2200181Ia 4500
001 4482
005 20260306145759.0
008 260306t2009||||xx |||||||||||||| ||spa||
041 _aESP
082 _a323.1
_bI59E
100 _aInstituto Interamericano de Derechos Humanos
_eAUT
245 0 _aEstudios sobre la participación indígena
260 _c2009
300 _a165 páginas :
_c28 cm.
650 _aGEN
654 _aCHU
942 _cLIB
_dJUS
_fJUS
_2ddc
_n
999 _c4482
_d4482